000 00750nam a2200193 i 4500
001 102124
003 ES-MaACL
005 20230906183040.0
007 t|
008 051103s1906 cu ||||1| spa d
110 1 _aCuba.
_bCámara de Representantes.
_9172964
245 1 0 _aMemoria de los trabajos realizados durante la primera legislatura del tercer periodo congresional :
_bdel 2 de abril de 1906 al 30 de junio de 1906.
260 _aHabana :
_b[s.n.],
_c1906 (
_fImp. de Rambla, Bouza y Cª)
300 _a264 p. ;
_c23 cm.
500 _aPrecede al tít.: República de Cuba. Cámara de Representantes.
610 1 4 _aCuba.
_bCámara de Representantes.
_9172964
651 4 _aCuba-
_xPolítica y gobierno.
_98113
852 _aES-MaACL
_jG-7659
999 _c102124
_d102124